000 00751nam a2200229 a 4500
001 000038166
003 DO-SdBNP
005 20250307085814.0
008 130320s2000 dr r 000 0 spa d
040 _aDO-SdBNP
_bspa
_cBNPHU
082 _a972.93054
_bB171v, 2000
100 1 _a Balaguer, Joaquín,
_d1906-2002
_976556
245 1 3 _aLa voz del capitolio /
_cJoaquín Balaguer.
250 _a2a ed.
260 _aSanto Domingo :
_bCorripio ,
_c2000.
300 _a370 p. ;
_c24 cm.
600 1 0 _a Balaguer, Joaquín,
_d1906-2002
_xEnsayos, conferencias, etc.
_976556
651 1 4 _aRepública Dominicana
_xPolítica y gobierno
_y1930-1961
_964336
830 0 _aDiscursos
_n9
_964535
910 _aValidado. Control de calidad. MFF
942 _2ddc
_cLBS1
999 _c37656
_d37656